[Event "Kingston Chan Memorial op"]
[Site "Kingston"]
[Date "2017.09.21"]
[Round "2"]
[White "Rampair, Aidan"]
[Black "James, Stuart"]
[Result "0-1"]
[WhiteElo "1354"]
[BlackElo "1998"]
[PlyCount "66"]
[EventDate "2017.09.21"]
[EventType "swiss"]
[EventRounds "6"]
[EventCountry "JAM"]
[SourceTitle "EXT 2020"]
[Source "ChessBase"]
[SourceDate "2019.10.17"]
[SourceVersion "1"]
[SourceVersionDate "2019.10.17"]
[SourceQuality "1"]

1. d4 Nf6 2. Nf3 c5 3. c3 e6 4. Bf4 Nc6 5. e3 d5 6. Bd3 Be7 7. Nbd2 Nh5 8. Bg3 Nxg3 9. hxg3 h6 10. Qc2 cxd4 11. cxd4 0-0 12. e4 dxe4 13. Bxe4 Nxd4 14. Nxd4 Qxd4 15. 0-0 f5 16. Bf3 e5 17. Rad1 Qc5 18. Qxc5 Bxc5 19. Rc1 Bd4 20. Bd5+ Kh7 21. b3 Rd8 22. Bf3 e4 23. Be2 e3 24. Nf3 exf2+ 25. Kh2 Bb6 26. Nh4 Be6 27. Bf3 g5 28. Bxb7 Rab8 29. Nxf5 Rxb7 30. Nxh6 Kxh6 31. Rc6 Kg7 32. Rxe6 Rh8+ 33. Rh6 Rxh6# 0-1